00325nam a2200121Ia 4500008004100000040001600041041001200057082001700069100001300086245005100099260002700150300002600177230917s9999||||xx |||||||||||||| ||und|| e66671aMAIN aEnglish a891.22 K125W aKalidasa 0aShakuntala; or the fatal ring: an Indian drama aDelhibBharatiyac1979 aiii, various pages p.